|
|
|
|
| LEADER |
00733nam a2200181 a 4500 |
| 008 |
090706s1996 ii a 001 0 eng d |
| 020 |
|
|
|a 0333922867
|
| 082 |
0 |
0 |
|a 811.54
|2 21
|
| 245 |
1 |
0 |
|a Four centuries of American Poetry /
|c edited by Mohan Rahman.
|
| 260 |
|
|
|a Madras, India :
|b Macmillan,
|c c1996.
|
| 300 |
|
|
|a xxi, 177 p. ;
|c 26 cm.
|
| 504 |
|
|
|a Includes bibliographical references and index.
|
| 541 |
1 |
|
|e 00016585
|
| 650 |
|
0 |
|a American literature
|x Poetry
|
| 700 |
1 |
|
|a Rahman, Mohan.
|
| 852 |
4 |
|
|a Ayesha Abed Library
|j General shelf
|
| 999 |
|
|
|c 2044
|d 2044
|
| 952 |
|
|
|0 0
|1 0
|2 ddc
|4 0
|6 811_540000000000000_MOH_1996
|7 0
|9 1879
|a BRACUL
|b BRACUL
|c GEN
|d 2009-07-06
|g 370.00
|l 2
|m 4
|o 811.54 MOH
|p 3010016585
|r 2015-04-05
|s 2015-03-05
|t 1
|v 740.00
|w 2009-07-06
|y BK
|